| 000 | 01781cam a22003614a 4500 | ||
|---|---|---|---|
| 001 | 14162957 | ||
| 003 | OSt | ||
| 005 | 20211203025017.0 | ||
| 008 | 051101s2006 ilu b s001 0 eng | ||
| 010 | _a 2005031439 | ||
| 015 |
_aGBA635825 _2bnb |
||
| 016 | 7 |
_a013436710 _2Uk |
|
| 020 | _a0252031121 (cloth : alk. paper) | ||
| 020 | _a9780252031120 | ||
| 035 | _a(OCoLC)ocm62281658 | ||
| 040 |
_aMMU _cMMU _dMMU _beng |
||
| 042 | _apcc | ||
| 043 | _an-us--- | ||
| 050 | 0 | 0 |
_aKF4865 _b.B49 2006 |
| 082 | 0 | 0 |
_a342.7308/52 _222 |
| 100 | 1 | _aBezanson, Randall P. | |
| 245 | 1 | 0 |
_aHow free can religion be? / _cRandall P. Bezanson. |
| 260 |
_aUrbana : _bUniversity of Illinois Press, _cc2006. |
||
| 300 |
_aviii, 286 p. : _c24 cm. |
||
| 504 | _aIncludes bibliographical references (p. [281]-283) and index. | ||
| 505 | 0 | _aStage one. The old time religion : separation of church and state -- God's law or Caesar's? The free exercise of religion -- The wall of separation : "No law respecting an establishment of religion-- " -- Stage two. The time of testing -- The Amish conundrum : the conflict between free exercise and non-establishment -- Darwin versus Genesis -- School prayer -- Stage three. The new awakening -- Peyote : God versus Caesar, revisited -- Non-establishment as nondiscrimination -- Equality as a sword : the ghost of Everson. | |
| 650 | 0 |
_aChurch and state _zUnited States. |
|
| 650 | 0 |
_aFreedom of religion _zUnited States. |
|
| 856 | 4 | 1 |
_3Table of contents _uhttp://www.loc.gov/catdir/toc/ecip062/2005031439.html |
| 906 |
_a7 _bcbc _corignew _d1 _eecip _f20 _gy-gencatlg |
||
| 942 |
_2lcc _cLOAN LOAN |
||
| 999 |
_c18153 _d18153 |
||